Pääkaupunkeja lippujen mukaan #1 - Statistics

Yleistilastot
  • Tätä visaa on pelattu 578 kertaa
  • Keskiarvotulos 14 / 20
Vastaustilastot
Kuvavisa Vastaus % Oikein
Ottawa
94%
Brasilia
91%
Madrid
91%
Ateena
90%
Peking
90%
Berliini
89%
New Delhi
88%
Ankara
86%
Kiova
85%
Amsterdam
82%
Canberra
79%
Budapest
73%
Buenos Aires
73%
Hanoi
63%
Riad
57%
Bagdad
53%
Kuala Lumpur
51%
Rabat
43%
Caracas
42%
Dodoma
28%
Ehtoja vastaavia visoja ei löytynyt
Tulosjakauma
Jokaisen tuloksen saaneiden osuus
Persentiili vastausten määrän mukaan
Tuloshistoriasi
Et ole pelannut tätä visaa